जोत जले बिन बाती / (Record no. 13951)

MARC details
000 -LEADER
fixed length control field 00758nam a22002057a 4500
005 - DATE AND TIME OF LATEST TRANSACTION
control field 20080624151852.0
008 - FIXED-LENGTH DATA ELEMENTS--GENERAL INFORMATION
fixed length control field 080624t xxu||||| |||| 00| 0 hin d
010 ## - LCCN (DPL NO)
LC control number HIN-46027
020 ## - INTERNATIONAL STANDARD BOOK NUMBER
Terms of availability 50.00
035 ## - SYSTEM CONTROL NUMBER
System control number HN-27349
037 ## - SOURCE OF ACQUISITION
Source of stock number/acquisition DBAD
040 ## - CATALOGING SOURCE
Original cataloging agency dpl
Language of cataloging HN
082 ## - DEWEY DECIMAL CLASSIFICATION NUMBER
Classification number 181.492 / कनक
100 ## - MAIN ENTRY--PERSONAL NAME
Personal name कनकश्री
245 ## - TITLE STATEMENT
Title जोत जले बिन बाती /
Statement of responsibility, etc कनकश्री
260 ## - PUBLICATION, DISTRIBUTION, ETC. (IMPRINT)
Place of publication, distribution, etc चूरू
Name of publisher, distributor, etc आदर्श साहित्य संघ
Date of publication, distribution, etc 1999
300 ## - PHYSICAL DESCRIPTION
Extent 202पृ.
Dimensions 23सेमी.
942 ## - ADDED ENTRY ELEMENTS (KOHA)
Item type Hindi Books
Source of classification or shelving scheme Dewey Decimal Classification
Classification part 181.492
Call number suffix कनक
Holdings
Withdrawn status Lost status Source of classification or shelving scheme Damaged status Not for loan Home library Current library Date acquired Total Checkouts Full call number Barcode Date last seen Koha item type
    Dewey Decimal Classification     Andrews Gunj Andrews Gunj 24/06/2008   181.492 / कनक 448 15/09/2008 Hindi Books

© Delhi Public Library
Hit Counter
free hit counter